| 000 | 00804nam a22002652a 4500 | ||
|---|---|---|---|
| 001 | 19104 | ||
| 003 | BD-RjUL | ||
| 005 | 20211209000402.0 | ||
| 008 | 140223s1948 nyua b 001 0 eng d | ||
| 035 | _a(BD-RjUL)19162 | ||
| 040 |
_aDLC _cTOL _dOCL _dSER _dEQO _dBD-RjUL _beng |
||
| 041 | _aeng | ||
| 082 | 0 | 0 |
_a338.5 _bBEP 1948 |
| 100 | 1 |
_aBea, Jennifer _q(Joe Staten), _d1912-1991 _958873 |
|
| 245 | 1 | 0 |
_aPricing, distribution, and employment : _beconomics of an enterprise system / _cby Jennifer Bea |
| 260 |
_aNew York : _bH. Holt, _c1948 |
||
| 300 |
_axiv, 496 p. : _billus. ; _c22 cm |
||
| 504 | _aIncludes bibliographies and index | ||
| 650 | 0 |
_aPricing _949280 |
|
| 650 | 0 |
_aIncome _958874 |
|
| 650 | 0 |
_aInvestments _958875 |
|
| 700 |
_aTerry _958876 |
||
| 942 |
_2ddc _cBK |
||
| 999 |
_c19104 _d19104 |
||